K niektorým zmenám zákona o zamestnanosti

Obsah zákona NR SR č. 245/2000 Z.z. o zamestnanosti je zameraný na vytvorenie právnych podmienok pre zamestnávanie dlhodobo nezamestnaných občanov na dohodnutých verejnoprospešných pracovných miestach pre dlhodobo nezamestnaných a pre zníženie vymeriavacieho základu na platenie príspevku na poisteni...

Descripción completa

Guardado en:
Detalles Bibliográficos
Autor principal: Janušová, Mária
Formato: Capítulo de libro
Lenguaje:eslovaco
Materias:
Etiquetas: Agregar Etiqueta
Sin Etiquetas, Sea el primero en etiquetar este registro!

MARC

LEADER 00000naa a2200000 4500
001 r039610
005 20230911132343.9
041 0 |a slo 
044 |a SK 
245 1 0 |a K niektorým zmenám zákona o zamestnanosti  |c Mária Janušová 
520 |a Obsah zákona NR SR č. 245/2000 Z.z. o zamestnanosti je zameraný na vytvorenie právnych podmienok pre zamestnávanie dlhodobo nezamestnaných občanov na dohodnutých verejnoprospešných pracovných miestach pre dlhodobo nezamestnaných a pre zníženie vymeriavacieho základu na platenie príspevku na poistenie v nezamestnanosti pre samostatné zárobkovo činné osoby, ktoré sa rozhodli pre paušálnu daň. 
610 2 0 |a zamestnanosť 
610 2 0 |a zamestnávatelia 
610 2 0 |a dane paušálne 
610 2 0 |a nezamestnanosť dlhodobá 
610 2 0 |a zákony 
610 2 0 |a Slovensko 
100 1 |a Janušová, Mária